Quizzes
Events
Quiz Creation
Community
Videos
Private Events
Remove Ads
Sign In
Join for FREE
Feedback
Dark Mode
Quiz Categories
Sports
Geography
Music
Movies
Television
Just For Fun
Miscellaneous
History
Literature
Language
Science
Gaming
Entertainment
Religion
Holiday
For Kids
Quiz Lab
Recent
Popular Today
Quiz Kudos Today
Editor Picks
Curator Picks
Quizzes by...
Day
Popularity
Type
Ratings
Length
Year
Community
Subscriptions
Recent Discussions
Orange Saloon
Badges
Playlists
Quests
Create
Leaderboards
Showdown
Live 5
Trivia Bingo
Activity
Puzzle Library
Sporcle Events
Private Events
Virtual Trivia
Globe League
Become a Host
Pub Owners
SporcleCon
Opinionation
Our Games
Videos
Blog
Mobile Apps
Partnerships
Remove Ads and Go Orange
Feedback
Movies
Disney
Marvel Cinematic Universe
Movie Resume
Movie Titles
Oscar
Actor
Actress
Director
Pixar
Role
Movie Quotes
Movie Characters
Box Office
Nominee
Best Picture
Star Wars
James Bond
Horror Movies
Movies
Disney
Marvel Cinematic Universe
Movie Resume
Movie Titles
Oscar
Actor
Actress
Director
Pixar
Role
Movie Quotes
Movie Characters
Box Office
Nominee
Best Picture
Star Wars
James Bond
Horror Movies
Random Quiz
Search Sporcle
×
Quiz Lab
Quiz Lab
Movies
Movie Titles
Type in answers that appear in a list
Type in answers that appear in a list
Classic
Best Score? Go Orange.
The Adventures of... Stats
Can you name the 'The Adventures of...' movies?
By
Fruitbat
5m
15 Questions
38 Plays
38 Plays
38 Plays
Comments
Comments
Give Quiz Kudos
Give Quiz Kudos
-
- Ratings
hide this ad
Replay
Link that replays current quiz
Next Quiz
Link to next quiz in quiz playlist
You Got
0%
They Got
Avg Score
31%
Avg Friend Score
Upgrade to see
Score Distribution
Jump to the score distribution portion of the page
Score
0/15
Timer
05:00
0
Plays Today
Year
Movie
% Correct
1938
The Adventures of Robin Hood
94.7%
1939
The Adventures of Sherlock Holmes
63.2%
2011
The Adventures of Tintin: The Secret of the Unicorn
44.7%
2000
The Adventures of Rocky & Bullwinkle
42.1%
1939
The Adventures of Huckleberry Finn
39.5%
1960
The Adventures of Huckleberry Finn
39.5%
1938
The Adventures of Tom Sawyer
26.3%
1988
The Adventures of Baron Munchausen
26.3%
Year
Movie
% Correct
1994
The Adventures of Priscilla, Queen of the Desert
26.3%
1938
The Adventures of Marco Polo
15.8%
1975
The Adventure of Sherlock Holmes' Smarter Brother
15.8%
1993
The Adventures of Huck Finn
13.2%
1996
The Adventures of Pinocchio
13.2%
1944
The Adventures of Mark Twain
7.9%
2005
The Adventures of Sharkboy and Lavagirl 3-D
7.9%
Quiz Playlist
Details
Report
Send in Message
Add To Playlist
Classic:
Type in answers that appear in a list
Quiz Source
Last Updated: Feb 16, 2017
Quiz Scoreboard
CHALLENGE
Sign Up to Join the Scoreboard
Show All
Scores
Hide
Comments
May contain spoilers
Recently Published
An Introduction to Baseball
by treessimontrees
Sports
5m
Movies - When Are They Set?
by FPL_Elf
Movies
5m
Popular People in 1961
by mucciniale
History
6m
More to Explore
Quiz From the Vault
Featured Blog Post
Where Did the Easter Bunny Come From?
hide this ad
You Might Also Like...
Tags
Movie Titles Quiz
Adventure
Adventures Characters
star
Today's Top Quizzes in Movies
Browse Movies
hide this ad
Today's Top Quizzes in Movie Titles
Browse Movie Titles
Top Contributed Quizzes in Movies
1
Pick 5 Posters: Directed by Spielberg
2
Pick 5 Posters: Lowest-Rated Spielberg
3
Multi-Oscar Nominations, One Movie, One Winner
4
7-to-1: Pixar Characters
5
12 Movies about Fictional 1960s Events
6
One Thing in Common: Movies
7
Pick 5 Posters: Directed by Scorsese
8
Sunday Crossword: Film Score Composers
9
Pick 5 Posters: Star & Director
10
Sorting Actors
Explore More
Trending Topics
Anime
Harry Potter
Marvel
Kpop
Crossword
Disney
NBA
Soccer
WWE
Song
Country
NFL
The Office
Pokémon
Puzzle
hide this ad
More By:
Fruitbat
Quiz
Plays
Rating
Category
Featured
Created
Commonest Words in Pride and Prejudice
27,238
4.38
Literature
Dec 6, 2011
Quick Pick: Couples in Literature
7,651
4.54
Just For Fun
May 5, 2012
Doctor Who Titles (The ____ of ____)
1,660
4.93
Television
Dec 10, 2012
Commonest words in A Christmas Carol
911
4.54
Literature
Dec 7, 2011
Commonest Words in Alice in Wonderland
899
5.00
Literature
Nov 22, 2012
Go to Creator's Profile
Score Distribution
Quiz Creator Spotlight
Fruitbat
Follow
Send a Message
Quizzes Created
-
Created Quiz Play Count
-
More By This Creator
Popular Quizzes Today
1
Find the Countries of Europe - No Outlines Minefield
2
Find the US States - No Outlines Minefield
3
The Countries of the World
4
Popular People in 1961
5
Find the US States
6
US States
7
1-10 Letter E Words III
8
Risky Map Clicking: Biggest States A-Z
More Movies Quizzes
Movie Titles Said in Movie IV
Published
Trending Quizzes
Risky Map Clicking: Least Populous States A-Z
1-10 Letter F Words
1-10 Letter G Words
Not Quite an Element Typing Challenge
One Thing in Common: United Kingdom
Recently Updated
Leaping Animals
pecheneg
Reality TV Shows (A-Z)
bhenderson79
Rickey Henderson's Hall of Fame Teammates
pecheneg
Champions League XIs: Arsenal
pecheneg
Quick Pick: Celebrities in WWE's Hall of Fame
aduchscher
A-Z Keypad Blitz II
pecheneg
Multiple Oscar Actors
pecheneg
Mystery Phrase Blitz: Oscar 'Best Actors'
pecheneg
F. Scott Fitzgerald Novels
LTH
Pick 3 Villains
ddd62291
Trending Topics
NBA
Anime
Marvel
Disney
Kpop
Harry Potter
Crossword
Pokémon
Soccer
WWE
NFL
Puzzle
Country
Song
The Office
Your Account Isn't Verified!
In order to create a playlist on Sporcle, you need to verify the email address you used during registration. Go to your
Sporcle Settings
to finish the process.
Report this User
Report this user for behavior that violates our
Community Guidelines
.
Details:
Send Report
Go to the Sporcle.com Mobile Site →
Comments